Leyendas andinas. La doncella decapitada /

Detalles Bibliográficos
Autor principal: Camahualí, Guillermo (Autor)
Formato: Electrónico eBook
Lenguaje:español
Publicado: Lima : Zafiro, [2020]
Materias:
Acceso en línea:Digitalia Hispánica

MARC

LEADER 00000nam a2200000 i 4500
001 DIGEDQUIM0015
003 NyNyDIG
007 cr |||||||||||
008 241108s2020 pe a o 000 0 spa d
006 m o d
035 |a (OCoLC)1472055067 
040 |a DGITA  |b eng  |e rda  |e pn  |c DGITA 
020 |z 9786124815089 
050 1 4 |a PQ8498.413.A412 ebook 
100 1 |a Camahualí, Guillermo,  |e author. 
245 1 0 |a Leyendas andinas.  |p La doncella decapitada /  |c Guillermo Camahualí. 
246 3 0 |a Doncella decapitada 
264 1 |a Lima :  |b Zafiro,  |c [2020] 
300 |a 1 online resource :  |b illustrations. 
336 |a text  |b txt  |2 rdacontent 
337 |a computer  |b c  |2 rdamedia 
338 |a online resource  |b cr  |2 rdacarrier 
347 |a text file  |2 rdaft 
347 |b PDF 
588 0 |a Online resource; title from PDF title page (Digitalia, viewed November 8, 2024) 
655 7 |a Short stories.  |2 lcgft 
655 7 |a Legends.  |2 lcgft 
791 2 |a Digitalia (Firm),  |e distributor. 
793 0 |g Digitalia eBook Collection:  |a Grupo Editorial Quimérica 
776 0 8 |i Print version:  |a Camahualí, Guillermo.  |t Leyendas andinas. La doncella decapitada.  |b Primera edición.  |d Lima : Zafiro, [2020]  |z 9786124815089 
856 4 0 |3 Digitalia Hispánica  |u https://www.digitaliapublishing.com/a/160484/ 
910 |a Premium collection: 2024